[Event "SBDU-ch"]
[White "Hampel, Ernst"]
[Black "Scharrenbroich, Torsten Michael"]
[Site "Duisburg"]
[Round "6"]
[Result "1-0"]
[Date "2011.11.18"]
[WhiteElo "1551"]
[BlackElo "1486"]
[PlyCount "127"]
[EventDate "2011.09.09"]
[EventType "swiss"]
[EventRounds "7"]
[EventCountry "GER"]
[SourceTitle "EXT 2015"]
[Source "ChessBase"]
[SourceDate "2014.11.20"]
[SourceVersion "1"]
[SourceVersionDate "2014.11.20"]
[SourceQuality "1"]

1. d4 Nf6 2. c4 g6 3. f3 d6 4. e4 Bg7 5. Be3 0-0 6. Nc3 e5 7. Nge2 Nc6 8. d5 Ne7 9. Qd2 Bd7 10. Bh6 Ne8 11. Bxg7 Nxg7 12. h4 f5 13. 0-0-0 f4 14. Qd3 a6 15. g4 fxg3 16. Nxg3 h5 17. Be2 Rf4 18. Rdg1 b5 19. Nf1 Rb8 20. Nd2 Qe8 21. Rg5 b4 22. Nd1 Qf7 23. c5 Bb5 24. Nc4 Qf6 25. Qe3 Nxd5 26. exd5 Bxc4 27. Rhg1 Bxe2 28. Rxg6 Qxh4 29. Rxg7+ Kh8 30. Qxe2 Rc4+ 31. Kb1 Qf4 32. Nf2 Rc1+ 33. Rxc1 Kxg7 34. cxd6 cxd6 35. Qxa6 Rd8 36. Rg1+ Kh6 37. Qd3 Qf6 38. Rh1 Qg5 39. Ng4+ Kg7 40. Qe3 Qf5+ 41. Qe4 Qxe4+ 42. fxe4 hxg4 43. Rg1 Kh6 44. Rxg4 Kh5 45. Rg7 Rb8 46. Rd7 Rb6 47. Rc7 b3 48. Rc6 bxa2+ 49. Kxa2 Rb4 50. Rxd6 Rxe4 51. Rd8 Kg5 52. Ka3 Rd4 53. b4 Kf4 54. d6 e4 55. d7 Ke3 56. b5 Kd2 57. b6 e3 58. b7 e2 59. Re8 e1Q 60. Rxe1 Kxe1 61. b8Q Rxd7 62. Qg3+ Kd2 63. Qf2+ Kc3 64. Qb2+ 1-0

[Event "SBDU-ch"]
[White "Leers Fischer, Hans"]
[Black "Scharrenbroich, Torsten Michael"]
[Site "Duisburg"]
[Round "3"]
[Result "1-0"]
[Date "2011.10.07"]
[WhiteElo "1876"]
[BlackElo "1486"]
[PlyCount "101"]
[EventDate "2011.09.09"]
[EventType "swiss"]
[EventRounds "7"]
[EventCountry "GER"]
[SourceTitle "EXT 2015"]
[Source "ChessBase"]
[SourceDate "2014.11.20"]
[SourceVersion "1"]
[SourceVersionDate "2014.11.20"]
[SourceQuality "1"]

1. e4 c5 2. Nf3 d6 3. d4 cxd4 4. Nxd4 Nf6 5. Nc3 a6 6. Be2 e5 7. Nf3 Be7 8. 0-0 Nbd7 9. Ne1 b5 10. a3 Bb7 11. f3 Qb6+ 12. Kh1 0-0 13. Bg5 h6 14. Bh4 Rac8 15. Bf2 Qd8 16. Nd3 Re8 17. Nb4 Bf8 18. Qd2 Nb6 19. Rad1 Nc4 20. Bxc4 Rxc4 21. Ne2 g5 22. Ng3 Qb8 23. Nf5 Rd8 24. h4 Nh7 25. c3 Rd7 26. Nd5 Bxd5 27. Qxd5 Qd8 28. Qd2 Qf6 29. g4 d5 30. exd5 Rc8 31. b3 Rcd8 32. c4 bxc4 33. bxc4 Bxa3 34. Kg2 Rb8 35. Rb1 Rdb7 36. Qd3 Bf8 37. c5 Rxb1 38. Rxb1 Rxb1 39. Qxb1 Qd8 40. Qb6 Qxd5 41. c6 e4 42. c7 exf3+ 43. Kh3 Qd1 44. Nxh6+ Bxh6 45. c8Q+ Bf8 46. Qbb8 Qh1+ 47. Qh2 Qf1+ 48. Kg3 Qe2 49. Qa8 gxh4+ 50. Qxh4 Qe5+ 51. Kxf3 1-0

[Event "SBDU-ch"]
[White "Scharrenbroich, Torsten Michael"]
[Black "Fehmers, Werner"]
[Site "Duisburg"]
[Round "2"]
[Result "1-0"]
[Date "2011.09.23"]
[WhiteElo "1486"]
[BlackElo "1847"]
[PlyCount "75"]
[EventDate "2011.09.09"]
[EventType "swiss"]
[EventRounds "7"]
[EventCountry "GER"]
[SourceTitle "EXT 2015"]
[Source "ChessBase"]
[SourceDate "2014.11.20"]
[SourceVersion "1"]
[SourceVersionDate "2014.11.20"]
[SourceQuality "1"]

1. e4 d5 2. exd5 Qxd5 3. Nc3 Qa5 4. Nf3 Nf6 5. d3 Bf5 6. Be2 e6 7. 0-0 c6 8. Bd2 Qc7 9. Nd4 Bg6 10. a3 Bd6 11. Nf3 0-0 12. h3 Nbd7 13. Nh4 Rfe8 14. Nxg6 hxg6 15. b4 Rad8 16. Ne4 Be5 17. Rb1 Nxe4 18. dxe4 Nf6 19. Bd3 Nh5 20. Qe2 Re7 21. g4 Nf4 22. Bxf4 Bxf4 23. Kg2 Qe5 24. Rh1 f6 25. h4 Rd4 26. Rbd1 b6 27. Qf3 Red7 28. Qe2 Rc7 29. Rh3 c5 30. c3 Rd6 31. Bb5 Rxd1 32. Qxd1 Qxe4+ 33. Kf1 c4 34. h5 g5 35. Qd8+ Kh7 36. Be8 Qb1+ 37. Kg2 Qe4+ 38. Rf3 1-0

[Event "Duisburg SBDU-ch"]
[White "Waschkewitz, Stefan"]
[Black "Scharrenbroich, Torsten Michael"]
[Site "Duisburg Wohndorf Laar"]
[Round "3"]
[Result "1-0"]
[Date "2009.10.02"]
[WhiteElo "1688"]
[BlackElo "1447"]
[PlyCount "51"]
[EventDate "2009.09.11"]
[EventType "swiss"]
[EventRounds "7"]
[EventCountry "GER"]
[SourceTitle "EXT 2018"]
[Source "ChessBase"]
[SourceDate "2017.10.13"]
[SourceVersion "1"]
[SourceVersionDate "2017.10.13"]
[SourceQuality "1"]

1. Nc3 e5 2. Nf3 Nc6 3. d4 exd4 4. Nxd4 Nxd4 5. Qxd4 Nf6 6. e4 d6 7. Bg5 Be7 8. 0-0-0 0-0 9. h4 h6 10. Bf4 Nh5 11. Be3 Bf6 12. Qd2 Bxc3 13. Qxc3 Re8 14. e5 Qe7 15. exd6 cxd6 16. Be2 Nf6 17. Qd4 Bf5 18. g4 Bh7 19. g5 Ne4 20. gxh6 gxh6 21. Bxh6 f6 22. Rhg1+ Kh8 23. Bg7+ Qxg7 24. Rxg7 Kxg7 25. Rg1+ Kh8 26. f3 1-0

[Event "Duisburg SBDU-ch"]
[White "Hampel, Ernst"]
[Black "Scharrenbroich, Torsten Michael"]
[Site "Duisburg Wohndorf Laar"]
[Round "2"]
[Result "0-1"]
[Date "2009.09.22"]
[WhiteElo "1597"]
[BlackElo "1447"]
[PlyCount "52"]
[EventDate "2009.09.11"]
[EventType "swiss"]
[EventRounds "7"]
[EventCountry "GER"]
[SourceTitle "EXT 2018"]
[Source "ChessBase"]
[SourceDate "2017.10.13"]
[SourceVersion "1"]
[SourceVersionDate "2017.10.13"]
[SourceQuality "1"]

1. d4 Nf6 2. c4 g6 3. Nc3 d5 4. cxd5 Nxd5 5. e4 Nxc3 6. bxc3 Bg7 7. Bc4 0-0 8. Be3 c5 9. Ne2 cxd4 10. cxd4 Nc6 11. Rc1 e5 12. d5 Nd4 13. Nxd4 exd4 14. Bd2 Re8 15. Bd3 f5 16. f3 fxe4 17. Bxe4 Qh4+ 18. g3 Qh3 19. Kf2 Bf5 20. Bxf5 Qxf5 21. Qb3 d3 22. d6+ Kh8 23. Be3 Rxe3 24. Kxe3 Re8+ 25. Kf2 Re2+ 26. Kg1 Bd4+ 0-1